Mistrzowie La Liga - piłka nożna - Statystyki

Ogólne statystyki
  • Ten quiz został rozwiązany 469 razy
  • Średni wynik to 6 z 9
Statystyki odpowiedzi
Tytuły Klub % Poprawnych
36 Real Madryt
100%
27 Fc Barcelona
97%
11 Atletico Madryt
94%
1 Sevilla
72%
6 Valencia
69%
8 Athletic Bilbao
60%
1 Real Betis
60%
2 Real Sociedad
55%
1 Deportivo La Coruña
39%
Nie znaleziono quizów pasujących do podanych kryteriów
Rozkład punktacji
Procent ludzi z każdym wynikiem
Percentyl według liczby udzielonych odpowiedzi
Twoja historia wyników
Nie rozwiązałeś tego quizu